00500 2200193 4500001002100000005001500021035002000036245004900056100001600105260003400121300002600155020001800181084001700199082001100216650001200227008004100239990001300280990001300293INLIS00000000000903320230512111241 a0010-01230005741 aKamus populer istilah biologi /cEdward Erik aEdward Erik bPT. Riugha Edu Pustaka,c2018 a180 halaman ;c21 cm. a9786027418912 a570.03 EDW k a570.03 4aBiologi230512 g 0 ind  a022.1943 a022.1944